<?xml version="1.0" encoding="UTF-8"?>
<record
    xmlns:xsi="http://www.w3.org/2001/XMLSchema-instance"
    xsi:schemaLocation="http://www.loc.gov/MARC21/slim http://www.loc.gov/standards/marcxml/schema/MARC21slim.xsd"
    xmlns="http://www.loc.gov/MARC21/slim">

  <leader>00995nam a2200313 a 4500</leader>
  <controlfield tag="001">000108436</controlfield>
  <controlfield tag="003">CHAP</controlfield>
  <controlfield tag="005">20240524114051.0</controlfield>
  <controlfield tag="008">140212s2013    it ab  |r|    ||||||eng d</controlfield>
  <datafield tag="010" ind1=" " ind2=" ">
    <subfield code="a">104898</subfield>
  </datafield>
  <datafield tag="011" ind1=" " ind2=" ">
    <subfield code="a">105870</subfield>
  </datafield>
  <datafield tag="040" ind1=" " ind2=" ">
    <subfield code="c">CHAP</subfield>
  </datafield>
  <datafield tag="082" ind1="0" ind2="4">
    <subfield code="a">639.2</subfield>
    <subfield code="b">F3y v.552</subfield>
  </datafield>
  <datafield tag="245" ind1="1" ind2="0">
    <subfield code="a">Advances in geographic information systems and remote sensing for fisheries and aquaculture /</subfield>
    <subfield code="c">editado por Geoffery J. Meaden y Jos&#xE9; Aguilar-Manjarrez.</subfield>
  </datafield>
  <datafield tag="260" ind1=" " ind2=" ">
    <subfield code="a">Roma :</subfield>
    <subfield code="b">FAO,</subfield>
    <subfield code="c">2013.</subfield>
  </datafield>
  <datafield tag="300" ind1=" " ind2=" ">
    <subfield code="a">x, 98 p.</subfield>
    <subfield code="e">, + 1 CD (4/4 plg.)</subfield>
  </datafield>
  <datafield tag="490" ind1="1" ind2=" ">
    <subfield code="a">Documento t&#xE9;cnico de pesca</subfield>
    <subfield code="v">; 552</subfield>
  </datafield>
  <datafield tag="590" ind1=" " ind2=" ">
    <subfield code="a">E5995AHE</subfield>
    <subfield code="b">05</subfield>
    <subfield code="c">20140212</subfield>
  </datafield>
  <datafield tag="650" ind1="1" ind2="4">
    <subfield code="a">Acuicultura</subfield>
    <subfield code="9">758</subfield>
  </datafield>
  <datafield tag="650" ind1="1" ind2="4">
    <subfield code="a">Administraci&#xF3;n pesquera</subfield>
    <subfield code="9">933</subfield>
  </datafield>
  <datafield tag="650" ind1="1" ind2="4">
    <subfield code="a">Pesca continental.</subfield>
    <subfield code="9">87434</subfield>
  </datafield>
  <datafield tag="650" ind1="1" ind2="4">
    <subfield code="a">Pesca marina.</subfield>
    <subfield code="9">87438</subfield>
  </datafield>
  <datafield tag="650" ind1="1" ind2="4">
    <subfield code="a">Sensores remotos.</subfield>
    <subfield code="9">104427</subfield>
  </datafield>
  <datafield tag="700" ind1="0" ind2=" ">
    <subfield code="a">Meaden Geoffery J.</subfield>
    <subfield code="e">, ed.</subfield>
    <subfield code="9">73786</subfield>
  </datafield>
  <datafield tag="830" ind1="0" ind2="0">
    <subfield code="a">Documento t&#xE9;cnico de pesca</subfield>
    <subfield code="v">; 552</subfield>
    <subfield code="9">33242</subfield>
  </datafield>
  <datafield tag="901" ind1=" " ind2=" ">
    <subfield code="a">BK</subfield>
  </datafield>
  <datafield tag="942" ind1=" " ind2=" ">
    <subfield code="c">LIBRO</subfield>
    <subfield code="2">ddc</subfield>
  </datafield>
  <datafield tag="942" ind1=" " ind2=" ">
    <subfield code="n">0</subfield>
    <subfield code="2">ddc</subfield>
  </datafield>
  <datafield tag="999" ind1=" " ind2=" ">
    <subfield code="c">104898</subfield>
    <subfield code="d">104898</subfield>
  </datafield>
  <datafield tag="952" ind1=" " ind2=" ">
    <subfield code="0">0</subfield>
    <subfield code="1">0</subfield>
    <subfield code="2">ddc</subfield>
    <subfield code="4">0</subfield>
    <subfield code="5">1</subfield>
    <subfield code="7">0</subfield>
    <subfield code="8">FAO</subfield>
    <subfield code="a">BC</subfield>
    <subfield code="b">BC</subfield>
    <subfield code="c">PP_FAO</subfield>
    <subfield code="d">2014-02-12</subfield>
    <subfield code="f">LIBRO</subfield>
    <subfield code="l">0</subfield>
    <subfield code="o">639.2 F3y v.552</subfield>
    <subfield code="p">33724002399561</subfield>
    <subfield code="r">2019-12-31 00:00:00</subfield>
    <subfield code="w">2014-02-12</subfield>
    <subfield code="y">LIBRO</subfield>
  </datafield>
  <datafield tag="952" ind1=" " ind2=" ">
    <subfield code="0">0</subfield>
    <subfield code="1">0</subfield>
    <subfield code="2">ddc</subfield>
    <subfield code="4">0</subfield>
    <subfield code="5">1</subfield>
    <subfield code="7">0</subfield>
    <subfield code="8">MM</subfield>
    <subfield code="a">BC</subfield>
    <subfield code="b">BC</subfield>
    <subfield code="c">PP_MM</subfield>
    <subfield code="d">2014-02-12</subfield>
    <subfield code="l">0</subfield>
    <subfield code="o">639.2 F3y v.552</subfield>
    <subfield code="p">33724002586356</subfield>
    <subfield code="r">2024-05-24 00:00:00</subfield>
    <subfield code="w">2024-05-24</subfield>
    <subfield code="y">CD</subfield>
    <subfield code="z">Material complementaio</subfield>
  </datafield>
</record>
